000 00364cam a22001217a 4500
008 180718b1956 xxu||||| |||| 00| 0 eng d
082 _aT17 M696
100 _aMitchell, Wesley C.
245 _aBusiness cycles: the problem and its setting
_cby Wesley C. Mitchell
260 _aNew York
_bNat. Bur. of Econ. Res.
_c1956
300 _a489p.
650 _aBusiness Cycles
999 _c480611
_d480611